Propuesta del Sistema de control automatizado de los servicios de soporte técnico a equipos de cómputo de la Dirección General de Migración y Extranjería.
Propuesta del Sistema de control automatizado de los servicios de soporte técnico a equipos de cómputo de la Dirección General de Migración y Extranjería. Presenta como tarea fundamental apoyar al área de soporte técnico de la DGME con el desarrollo de un software que se utilizara para llevar...
| Main Authors: | , |
|---|---|
| Other Authors: | |
| Format: | Tesis Section = Libro |
| Language: | Undetermined Spanish |
| Published: |
Managua
UNI
2016
|
| Subjects: |
| LEADER | 01647nam a2200289Ia 4500 | ||
|---|---|---|---|
| 008 | 240830s9999 xx 000 0 und d | ||
| 040 | |a BIBLIOTECA-RUSB/ Mon 005.12 C355 | ||
| 041 | |a spa | ||
| 082 | |a Mon 005.12 C355 | ||
| 100 | 1 | |a Castro Cruz, Aura Lizeth | |
| 100 | 1 | |b Blandón Guido, Rosa Erminia | |
| 245 | 1 | 0 | |a Propuesta del Sistema de control automatizado de los servicios de soporte técnico a equipos de cómputo de la Dirección General de Migración y Extranjería. |
| 260 | |a Managua |b UNI |c 2016 | ||
| 300 | |a 95 p. :il. | ||
| 500 | |a Contiene: anexos. | ||
| 502 | |a Tesis (Ingeniero en Computación) - UNI, 2016. | ||
| 520 | 3 | |a Propuesta del Sistema de control automatizado de los servicios de soporte técnico a equipos de cómputo de la Dirección General de Migración y Extranjería. Presenta como tarea fundamental apoyar al área de soporte técnico de la DGME con el desarrollo de un software que se utilizara para llevar el control de los servicios del soporte técnico solicitado en las distintas dependencias del territorio de Nicaragua, con la intención de administrar y mantener una lista de todas las incidencias reportadas, el control de inventario de forma que se le pueda dar respuesta en dependencia de prioridad. | |
| 650 | 7 | |a DESARROLLO DE SOFTWARE | |
| 650 | 7 | |b HERRAMIENTA INFORMATICA | |
| 650 | 7 | |c GESTION DE INFORMACION-AUTOMATIZACION | |
| 650 | 7 | |d SISTEMA DE ALMACENAMIENTO Y RECUPERACION DE INFORMACIONP | |
| 650 | 7 | |e ROGRMAS PARA COMPUTADORA | |
| 650 | 7 | |f SISTEMA DE CONTROL | |
| 700 | 1 | |a Tutor: |b Duarte Mora, Lizzette Carolina | |
| 942 | |c BK |2 ddc | ||
| 991 | |a TESIS | ||
| 999 | |c 19707 | ||